[Event "Chicago Open"]
[Site "Wheeling, IL"]
[Date "2011.05.26"]
[Round "1"]
[White "Kacheishvili, Giorgi"]
[Black "Chen, Howard"]
[Result "1-0"]
[WhiteElo "2655"]
[BlackElo "2350"]
[PlyCount "93"]
[EventDate "2011.05.??"]
[EventType "swiss"]
[EventRounds "9"]
[EventCountry "USA"]
[Source "MonRoi"]

1. d4 Nf6 2. c4 g6 3. Nc3 d5 4. Bg5 Ne4 5. Bf4 Nxc3 6. bxc3 Bg7 7. e3 O-O 8.
Nf3 c5 9. cxd5 Qxd5 10. Be2 Nc6 11. O-O cxd4 12. cxd4 Rd8 13. h3 b6 14. Qb3 e6
15. Qxd5 exd5 16. Rfc1 Bb7 17. Nd2 Bf8 18. a4 Bb4 19. Nb3 Rac8 20. Bg5 Re8 21.
Bf3 Na5 22. Nxa5 Bxa5 23. Bf6 Bd2 24. Rcb1 Re6 25. Be5 f6 26. Bg4 f5 27. Bf3
Bc3 28. Ra2 Ba5 29. Rb5 Rd8 30. Rc2 Rd7 31. g4 Kf7 32. Kg2 a6 33. Rb1 Rc6 34.
Rbc1 Rxc2 35. Rxc2 Ke6 36. gxf5+ gxf5 37. Kg3 Rd8 38. Rc7 Rd7 39. Rc1 Rd8 40.
Kf4 Rc8 41. Rg1 Rc2 42. Rg7 Bc6 43. Bh5 Rxf2+ 44. Kg3 Be1 45. Bf7+ Ke7 46.
Bxd5+ Kf8 47. Bxc6 1-0

[Event "Chicago Open"]
[Site "Wheeling, IL"]
[Date "2011.05.26"]
[Round "1"]
[White "Adu, Oladapo"]
[Black "Shabalov, Alexander"]
[Result "0-1"]
[WhiteElo "2381"]
[BlackElo "2672"]
[PlyCount "116"]
[EventDate "2011.05.??"]
[EventType "swiss"]
[EventRounds "9"]
[EventCountry "USA"]
[Source "MonRoi"]

1. Nf3 Nf6 2. d4 g6 3. Bg5 Bg7 4. e3 O-O 5. Be2 c5 6. c3 b6 7. Nbd2 Bb7 8. O-O
d6 9. Re1 Nbd7 10. a4 a6 11. Qb3 Rb8 12. Qc2 Rc8 13. Rad1 Rc7 14. Qb3 Qa8 15.
Bxf6 Bxf6 16. Bc4 d5 17. Be2 Bc6 18. Ra1 Qb7 19. Qa3 Ra8 20. b4 Qc8 21. Rec1 e5
22. a5 e4 23. Ne1 c4 24. Bg4 Rb7 25. Rcb1 Be7 26. Qc1 Bd6 27. f4 exf3 28. Bxf3
f5 29. axb6 Nf6 30. g3 Rxb6 31. Nc2 h5 32. Qf1 Kg7 33. Qg2 Qe8 34. Ra5 Rd8 35.
Rba1 Bb5 36. Qf2 Bc7 37. R5a2 Re6 38. Nf1 Qe7 39. Na3 Bc6 40. Nc2 Bb7 41. Nd2
h4 42. Nf1 Rf8 43. Qg2 hxg3 44. Nxg3 Kf7 45. Qh3 Kg7 46. Qg2 Kh8 47. Qh3+ Nh7
48. Qg2 Qd8 49. Qh3 Ref6 50. Na3 f4 51. exf4 Rxf4 52. Bh1 Rh4 53. Qe6 Ng5 54.
Qe1 Nh3+ 55. Kg2 Bc8 56. Qe3 Re8 57. Qc1 Bf4 58. Qf1 Be3 0-1

[Event "Chicago Open"]
[Site "Wheeling, IL"]
[Date "2011.05.26"]
[Round "1"]
[White "Friedel, Joshua"]
[Black "Dehmelt, Karl"]
[Result "1-0"]
[WhiteElo "2620"]
[BlackElo "2321"]
[PlyCount "107"]
[EventDate "2011.05.??"]
[EventType "swiss"]
[EventRounds "9"]
[EventCountry "USA"]
[Source "MonRoi"]

1. e4 e5 2. Nf3 Nc6 3. Bb5 a6 4. Bc4 Nf6 5. O-O Be7 6. Re1 b5 7. Bb3 O-O 8. h3
Bb7 9. d3 d6 10. a3 Na5 11. Ba2 c5 12. Nc3 b4 13. Ne2 b3 14. Bxb3 Nxb3 15. cxb3
a5 16. Ng3 Re8 17. Nf5 Bf8 18. Bg5 h6 19. Bh4 g6 20. Ne3 Be7 21. Nd2 Nh7 22.
Bxe7 Rxe7 23. Ndc4 Ng5 24. b4 axb4 25. axb4 Rxa1 26. Qxa1 cxb4 27. Qa4 d5 28.
exd5 Bxd5 29. Nxd5 Qxd5 30. Qxb4 Rb7 31. Qa3 Rb8 32. Rxe5 Qd8 33. b4 Qd4 34. b5
Ne6 35. Re4 Qc5 36. Re5 Qd4 37. Qd6 Qxd6 38. Nxd6 Rd8 39. Nc4 Rxd3 40. b6 Rb3
41. Re2 Nc5 42. Rb2 Rxb2 43. Nxb2 Kf8 44. f4 Ke7 45. Kf2 Ke6 46. Ke3 Kd5 47.
Nd3 Nb7 48. Ne5 Ke6 49. Kd4 h5 50. h4 f6 51. Nxg6 Nd6 52. Nf8+ Ke7 53. Kd5 Nb7
54. Ne6 1-0

[Event "Chicago Open"]
[Site "Wheeling, IL"]
[Date "2011.05.27"]
[Round "2"]
[White "Gelashvili, Tamaz"]
[Black "Bercys, Salvijus"]
[Result "1/2-1/2"]
[WhiteElo "2731"]
[BlackElo "2541"]
[PlyCount "91"]
[EventDate "2011.05.??"]
[EventType "swiss"]
[EventRounds "9"]
[EventCountry "USA"]
[Source "MonRoi"]

1. Nf3 Nf6 2. d3 c5 3. d4 g6 4. c4 d6 5. Nc3 Bg7 6. dxc5 dxc5 7. Qxd8+ Kxd8 8.
Bd2 Nc6 9. h3 b6 10. O-O-O Bb7 11. e4 Nd7 12. Ng5 Ke8 13. f4 Nd4 14. e5 f6 15.
exf6 exf6 16. Nge4 Bxe4 17. Nxe4 f5 18. Nd6+ Ke7 19. Nb5 Nf8 20. g4 Nxb5 21.
cxb5 Ne6 22. Bc4 Nd4 23. b4 Kd6 24. Kb1 a6 25. bxa6 b5 26. Bb3 Rxa6 27. bxc5+
Kxc5 28. Rc1+ Kb6 29. Be3 Rd8 30. Rhd1 Ra7 31. Rd3 Rad7 32. gxf5 gxf5 33. Bf2
Rd6 34. Re1 Bf6 35. Re6 Rxe6 36. Bxe6 Kc7 37. Bxd4 Rxd4 38. Rf3 Rb4+ 39. Kc2
Rb2+ 40. Kd1 h6 41. Bxf5 Rxa2 42. Bc2 b4 43. Rg3 Ra6 44. Rg6 Rd6+ 45. Ke2 Bc3
46. Rxd6 1/2-1/2

[Event "Chicago Open"]
[Site "Wheeling, IL"]
[Date "2011.05.27"]
[Round "2"]
[White "Sundararajan, Kidambi"]
[Black "Gareyev, Timur"]
[Result "1-0"]
[WhiteElo "2521"]
[BlackElo "2683"]
[PlyCount "81"]
[EventDate "2011.05.??"]
[EventType "swiss"]
[EventRounds "9"]
[EventCountry "USA"]
[Source "MonRoi"]

1. d4 Nf6 2. c4 c5 3. d5 b5 4. cxb5 a6 5. bxa6 Bxa6 6. Nc3 g6 7. g3 d6 8. Bg2
Bg7 9. Nf3 Nbd7 10. Rb1 Nb6 11. b3 Bc8 12. Nh4 h6 13. Qc2 Qd7 14. Bb2 O-O 15.
O-O g5 16. Nf3 Qf5 17. e4 Qg6 18. Qd2 Ng4 19. Rfe1 f5 20. exf5 Bxf5 21. Rbd1
Rf7 22. h3 Nf6 23. Re3 Qh5 24. Qe2 Re8 25. Nb5 Nbxd5 26. g4 Nxe3 27. gxh5 Nxg2
28. Kxg2 Nxh5 29. Bc1 Ref8 30. Nc7 e5 31. Nd5 Bg6 32. Nh2 e4 33. Ng4 Nf4+ 34.
Nxf4 gxf4 35. Qc4 e3 36. fxe3 f3+ 37. Kg1 f2+ 38. Nxf2 Kh7 39. Rd2 Rf3 40. Bb2
Bxb2 41. Rxb2 1-0

[Event "Chicago Open"]
[Site "Wheeling, IL"]
[Date "2011.05.27"]
[Round "2"]
[White "Jayakumar, Adarsh"]
[Black "Adu, Oladapo"]
[Result "0-1"]
[WhiteElo "2254"]
[BlackElo "2381"]
[PlyCount "94"]
[EventDate "2011.05.??"]
[EventType "swiss"]
[EventRounds "9"]
[EventCountry "USA"]
[Source "MonRoi"]

1. d4 d5 2. c4 c6 3. cxd5 cxd5 4. Nc3 Nf6 5. Nf3 Nc6 6. Bf4 a6 7. Rc1 e6 8. e3
Bd6 9. Bxd6 Qxd6 10. Be2 O-O 11. O-O b5 12. a3 Bb7 13. b4 Rfd8 14. Nd2 Nd7 15.
Nb3 Nb6 16. Nc5 Rab8 17. Qb3 Nc4 18. Rfd1 Ne7 19. a4 Qb6 20. axb5 axb5 21. Ra1
Ra8 22. h3 Bc6 23. Qc2 g6 24. Nb3 Nf5 25. Rxa8 Rxa8 26. Ra1 Rxa1+ 27. Nxa1 e5
28. dxe5 Ncxe3 29. Qd3 d4 30. fxe3 dxc3 31. Nc2 Ng3 32. Bf3 Bxf3 33. gxf3 Qe6
34. f4 Qc6 35. Kf2 Ne4+ 36. Ke2 Kg7 37. Nd4 Qa8 38. e6 Qa2+ 39. Kf3 f5 40. Ne2
Qa8 41. Qd7+ Kh6 42. Qd1 Nd2+ 43. Kf2 Qf3+ 44. Kg1 Qxe3+ 45. Kh1 c2 46. Qxc2
Qxh3+ 47. Kg1 Qf1+ 0-1

[Event "Chicago Open"]
[Site "Wheeling, IL"]
[Date "2011.05.27"]
[Round "2"]
[White "Stopa, Jacek"]
[Black "Kacheishvili, Giorgi"]
[Result "1-0"]
[WhiteElo "2460"]
[BlackElo "2655"]
[PlyCount "99"]
[EventDate "2011.05.??"]
[EventType "swiss"]
[EventRounds "9"]
[EventCountry "USA"]
[Source "MonRoi"]

1. Nf3 Nf6 2. c4 e6 3. g3 a6 4. Bg2 b5 5. b3 c5 6. O-O Bb7 7. Bb2 Be7 8. d3 O-O
9. Nbd2 Qb6 10. e4 Nc6 11. a3 d6 12. Rb1 Nd7 13. b4 Rab8 14. Qe2 Rfc8 15. bxc5
dxc5 16. cxb5 axb5 17. a4 b4 18. Nc4 Qa7 19. Ra1 Nb6 20. Nce5 Ra8 21. Bh3 Ba6
22. Nxc6 Rxc6 23. Ne5 Rd6 24. Nxf7 Kxf7 25. e5 Rxd3 26. Qh5+ Kg8 27. Bxe6+ Kh8
28. Bf5 g6 29. Bxg6 Bf8 30. e6+ Rd4 31. Rfe1 Qg7 32. Bf7 Be7 33. Re4 Rad8 34.
Bxd4 cxd4 35. Rf4 Nd5 36. Rf5 d3 37. Rd1 Nc3 38. Be8 Bf6 39. Rd2 Ne4 40. Rd1 d2
41. Bd7 b3 42. Qf3 Bb7 43. Qxb3 Qg4 44. e7 Qxd1+ 45. Qxd1 Bxe7 46. Qa1+ Bf6 47.
Rxf6 d1=Q+ 48. Qxd1 Nxf6 49. Qd6 Nxd7 50. Qc7 1-0

[Event "Chicago Open"]
[Site "Wheeling, IL"]
[Date "2011.05.27"]
[Round "3"]
[White "Holt, Conrad"]
[Black "Hess, Robert"]
[Result "1/2-1/2"]
[WhiteElo "2417"]
[BlackElo "2601"]
[PlyCount "60"]
[EventDate "2011.05.??"]
[EventType "swiss"]
[EventRounds "9"]
[EventCountry "USA"]
[Source "MonRoi"]

1. d4 Nf6 2. c4 e6 3. Nc3 Bb4 4. Qc2 O-O 5. e4 d6 6. Bd3 e5 7. Nge2 exd4 8.
Nxd4 Nbd7 9. O-O c6 10. Bg5 Ne5 11. Nb3 h6 12. Bh4 Qe7 13. f4 Bxc3 14. Bxf6
Nf3+ 15. Rxf3 Bxf6 16. h3 a5 17. a4 Qc7 18. Qf2 Be6 19. Nd4 Bd7 20. Nf5 Bxf5
21. exf5 Ra6 22. Rb1 Rb6 23. b3 Rb4 24. Kh1 Rd8 25. g4 Qb6 26. Qxb6 Rxb6 27.
Bf1 Re8 28. Rd1 c5 29. Kg2 Bd4 30. g5 Re3 1/2-1/2

[Event "Chicago Open"]
[Site "Wheeling, IL"]
[Date "2011.05.27"]
[Round "3"]
[White "Dahl, Matthew"]
[Black "Mitkov, Nikola"]
[Result "0-1"]
[WhiteElo "2133"]
[BlackElo "2525"]
[PlyCount "106"]
[EventDate "2011.05.??"]
[EventType "swiss"]
[EventRounds "9"]
[EventCountry "USA"]
[Source "MonRoi"]

1. e4 e5 2. Nf3 Nc6 3. Bb5 Nf6 4. d3 Bc5 5. O-O d6 6. c3 O-O 7. h3 Bb6 8. Re1
Ne7 9. Nbd2 c6 10. Ba4 Ng6 11. d4 Re8 12. Bc2 h6 13. Nf1 Be6 14. Be3 Qc7 15.
Ng3 Rad8 16. Qe2 Bc8 17. Rad1 Qe7 18. dxe5 dxe5 19. Nf5 Qc7 20. Bxb6 axb6 21.
g3 Rxd1 22. Rxd1 Bxf5 23. exf5 Nf8 24. Nd2 N8d7 25. Ne4 Nxe4 26. Bxe4 Nf6 27.
Qd3 b5 28. c4 bxc4 29. Qxc4 Rd8 30. Rxd8+ Qxd8 31. Bf3 Qd2 32. Qb3 Qe1+ 33. Kg2
e4 34. Bg4 Qd2 35. Kf1 Nd5 36. Qc4 Qxb2 37. Qxe4 Nf6 38. Qa4 Qb1+ 39. Kg2 Qe4+
40. Qxe4 Nxe4 41. a4 Kf8 42. a5 Nf6 43. Be2 Ke7 44. Kf3 Kd6 45. Bc4 Nd5 46. a6
bxa6 47. Bxa6 Ke5 48. Bb7 c5 49. Ke2 Kd4 50. Bxd5 Kxd5 51. Ke3 f6 52. Kd3 c4+
53. Ke3 Kc5 0-1

[Event "Chicago Open"]
[Site "Wheeling, IL"]
[Date "2011.05.27"]
[Round "3"]
[White "Veech, John"]
[Black "Sadorra, Julio"]
[Result "1-0"]
[WhiteElo "2108"]
[BlackElo "2498"]
[PlyCount "95"]
[EventDate "2011.05.??"]
[EventType "swiss"]
[EventRounds "9"]
[EventCountry "USA"]
[Source "MonRoi"]

1. d4 e6 2. c4 f5 3. Nf3 Nf6 4. g3 d6 5. Bg2 Be7 6. O-O O-O 7. Nc3 a5 8. b3 Ne4
9. Bb2 Nd7 10. Nd2 Nxc3 11. Bxc3 e5 12. e3 c6 13. a3 Qe8 14. b4 Bd8 15. dxe5
Nxe5 16. Qe2 Bf6 17. Bd4 f4 18. exf4 Nf3+ 19. Qxf3 Bxd4 20. Rae1 Qg6 21. Nb3
Bg4 22. Qe4 Bc3 23. Qxg6 hxg6 24. Re7 axb4 25. axb4 Rf7 26. Rxf7 Kxf7 27. Na5
Bc8 28. Rb1 Ke7 29. Be4 c5 30. Nxb7 cxb4 31. Nxd6 Kxd6 32. Bxa8 Bf5 33. Rd1+
Kc7 34. f3 Bc2 35. Rc1 Bf5 36. Be4 Kd6 37. Kf2 Kc5 38. g4 Bxe4 39. fxe4 Bd2 40.
Rd1 Bxf4 41. e5 Kxc4 42. e6 Bg5 43. Rd7 b3 44. e7 Bxe7 45. Rxe7 b2 46. Rb7 Kc3
47. Kf3 Kc2 48. Kf4 1-0

[Event "Chicago Open"]
[Site "Wheeling, IL"]
[Date "2011.05.27"]
[Round "3"]
[White "Coraretti, Benjami"]
[Black "Stopa, Jacek"]
[Result "0-1"]
[WhiteElo "2141"]
[BlackElo "2460"]
[PlyCount "40"]
[EventDate "2011.05.??"]
[EventType "swiss"]
[EventRounds "9"]
[EventCountry "USA"]
[Source "MonRoi"]

1. d4 d5 2. c4 c6 3. Nf3 Nf6 4. e3 a6 5. Bd3 Bg4 6. Nbd2 Nbd7 7. Qb3 Qc7 8. O-O
e6 9. h3 Bh5 10. Nh4 Be7 11. f4 c5 12. cxd5 Nxd5 13. Nf5 Bf8 14. Ng3 Bg6 15.
Bxg6 hxg6 16. e4 Nxf4 17. Qf3 g5 18. Nb3 cxd4 19. Bxf4 Qxf4 20. Qd3 Ne5 0-1

[Event "Chicago Open"]
[Site "Wheeling, IL"]
[Date "2011.05.27"]
[Round "3"]
[White "Magness, Trevor"]
[Black "Gelashvili, Tamaz"]
[Result "0-1"]
[WhiteElo "2130"]
[BlackElo "2611"]
[PlyCount "132"]
[EventDate "2011.05.??"]
[EventType "swiss"]
[EventRounds "9"]
[EventCountry "USA"]
[Source "MonRoi"]

1. e4 Nc6 2. d4 e5 3. d5 Nce7 4. Nf3 Ng6 5. h4 h5 6. c4 Bc5 7. Nc3 d6 8. g3 Bg4
9. Bg2 Qd7 10. Qd3 Nf6 11. Be3 Bxf3 12. Bxf3 Bxe3 13. Qxe3 Qe7 14. Bd1 Nf8 15.
Qg5 g6 16. Ba4+ N8d7 17. O-O Kf8 18. b4 a5 19. a3 Nb6 20. Bb5 Kg7 21. Na4 Nxa4
22. Bxa4 axb4 23. axb4 Ra7 24. Bc2 Rha8 25. Rxa7 Rxa7 26. Qe3 b6 27. Qc3 Nd7
28. Ra1 Rxa1+ 29. Qxa1 g5 30. Qd1 Kg6 31. Qf3 gxh4 32. Qf5+ Kh6 33. Bd1 hxg3
34. Qxh5+ Kg7 35. fxg3 Nf8 36. Bg4 Nh7 37. Bf5 Ng5 38. Kg2 Qf6 39. Qh4 Qh6 40.
Qxh6+ Kxh6 41. g4 f6 42. Kg3 Nf7 43. Kh4 Nh8 44. Kg3 Kg5 45. Bh7 Nf7 46. Bf5
Nd8 47. Bd7 Nf7 48. Bf5 Kh6 49. Kh4 Ng5 50. Kg3 Kg7 51. Kg2 Kf7 52. Kg3 Ke7 53.
Kg2 Nf7 54. Kg3 Nd8 55. Kh4 c5 56. bxc5 dxc5 57. Bc8 Nf7 58. Ba6 Ng5 59. d6+
Kxd6 60. Bb7 b5 61. cxb5 c4 62. Bd5 c3 63. Bb3 Nxe4 64. Bc2 Ng5 65. Kh5 Ne6 66.
Kg6 Nd4 0-1

[Event "Chicago Open"]
[Site "Wheeling, IL"]
[Date "2011.05.27"]
[Round "3"]
[White "Kacheishvili, Giorgi"]
[Black "Greanias, Steve"]
[Result "1-0"]
[WhiteElo "2599"]
[BlackElo "2203"]
[PlyCount "61"]
[EventDate "2011.05.??"]
[EventType "swiss"]
[EventRounds "9"]
[EventCountry "USA"]
[Source "MonRoi"]

1. d4 Nf6 2. c4 g6 3. Nc3 d5 4. Bg5 Ne4 5. Bf4 Nxc3 6. bxc3 Bg7 7. e3 O-O 8.
Nf3 c5 9. cxd5 Qxd5 10. Be2 cxd4 11. cxd4 Nc6 12. O-O Bf5 13. Qa4 a6 14. Rac1
Rfc8 15. Rc5 Qd7 16. Qb3 b5 17. Rfc1 h6 18. h3 g5 19. Bg3 e6 20. Qc3 Ne7 21.
Ne5 Rxc5 22. dxc5 Qe8 23. c6 Be4 24. c7 f6 25. Qb4 Bb7 26. Bh5 Qxh5 27. Qxe7
Qe8 28. Nc6 e5 29. Qxe8+ Rxe8 30. Na7 Bc8 31. Rd1 1-0

[Event "Chicago Open"]
[Site "Wheeling, IL"]
[Date "2011.05.27"]
[Round "3"]
[White "Ramirez, Alejandro"]
[Black "Whaley, Davis"]
[Result "1-0"]
[WhiteElo "2579"]
[BlackElo "2160"]
[PlyCount "57"]
[EventDate "2011.05.??"]
[EventType "swiss"]
[EventRounds "9"]
[EventCountry "USA"]
[Source "MonRoi"]

1. d4 d5 2. c4 e6 3. Nc3 c6 4. Nf3 dxc4 5. Bg5 Nf6 6. e4 b5 7. a4 b4 8. Nb1 Ba6
9. Qc1 h6 10. Bxf6 Qxf6 11. Bxc4 Bxc4 12. Qxc4 Qg6 13. Nbd2 Bd6 14. O-O O-O 15.
a5 Rc8 16. Ne5 Bxe5 17. dxe5 Qg5 18. f4 Qe7 19. Nb3 Nd7 20. Rad1 Rc7 21. Rd6 c5
22. Nd2 Rd8 23. Qd3 Rdc8 24. Rc1 c4 25. Rxc4 Rxc4 26. Nxc4 Nc5 27. Qe3 Nb7 28.
Rd4 Qc5 29. a6 1-0

[Event "Chicago Open"]
[Site "Wheeling, IL"]
[Date "2011.05.27"]
[Round "3"]
[White "Arnold, Marc"]
[Black "Cao, Kevin"]
[Result "1-0"]
[WhiteElo "2432"]
[BlackElo "2110"]
[PlyCount "125"]
[EventDate "2011.05.??"]
[EventType "swiss"]
[EventRounds "9"]
[EventCountry "USA"]
[Source "MonRoi"]

1. d4 d5 2. c4 e6 3. Nc3 Nf6 4. Nf3 Nbd7 5. Bf4 c6 6. e3 Be7 7. Qc2 O-O 8. cxd5
exd5 9. Bd3 Re8 10. O-O Nf8 11. Rab1 Bd6 12. b4 Ng6 13. Bxd6 Qxd6 14. h3 a6 15.
a4 Bd7 16. Rfe1 Qe7 17. Nd2 Nh5 18. Bf5 Nh4 19. Bxd7 Qxd7 20. Qd1 Nf6 21. b5
axb5 22. axb5 Qf5 23. Nf3 Nxf3+ 24. Qxf3 Qd3 25. Rec1 Ra3 26. Ne2 Ra2 27. Nf4
Qf5 28. bxc6 bxc6 29. Rb6 Ne4 30. Rbxc6 Rxf2 31. Qg4 Qxg4 32. hxg4 h6 33. Rc8
Rxc8 34. Rxc8+ Kh7 35. Nxd5 Ra2 36. Kh2 Nf2 37. Rc7 Kg6 38. Kg3 Ne4+ 39. Kh3
Ra1 40. Kh2 Nf2 41. Kg3 Ne4+ 42. Kf4 Ng5 43. Ke5 Ra5 44. Rd7 Ra3 45. Kd6 Ne4+
46. Ke7 Ng5 47. Ke8 Ra8+ 48. Rd8 Ra3 49. Rc8 Kh7 50. Nc3 Ra1 51. d5 Re1 52. e4
Kg6 53. Rc6+ f6 54. d6 Nxe4 55. Nxe4 Rxe4+ 56. Kf8 Rd4 57. Rc7 f5 58. Rxg7+ Kf6
59. gxf5 Kxf5 60. d7 h5 61. Ke8 Kf6 62. Rf7+ Kg6 63. Re7 1-0

[Event "Chicago Open"]
[Site "Wheeling, IL"]
[Date "2011.05.28"]
[Round "4"]
[White "Harikrishna, Penteala"]
[Black "Sundararajan, Kidambi"]
[Result "1/2-1/2"]
[WhiteElo "2666"]
[BlackElo "2467"]
[PlyCount "79"]
[EventDate "2011.05.??"]
[EventType "swiss"]
[EventRounds "9"]
[EventCountry "USA"]
[Source "MonRoi"]

1. c4 c5 2. g3 g6 3. Bg2 Bg7 4. Nc3 Nc6 5. Nf3 Nf6 6. O-O O-O 7. Rb1 d5 8. b3
b6 9. d3 Bb7 10. Bg5 d4 11. Na4 Qc7 12. a3 Ne5 13. b4 Nxf3+ 14. exf3 Rab8 15.
bxc5 bxc5 16. Rb5 Bc6 17. Rxc5 Nd7 18. Rxc6 Qxc6 19. Bxe7 Rfe8 20. Bb4 Bf8 21.
f4 Qc7 22. Qd2 Nc5 23. Nxc5 Bxc5 24. Bd5 Qd6 25. Bxc5 Qxc5 26. f5 Qd6 27. fxg6
hxg6 28. Qa5 Re7 29. Be4 Qe5 30. Qa6 Rb6 31. Qc8+ Re8 32. Qh3 f5 33. Bd5+ Kg7
34. Qh4 Rb2 35. Qg5 Qe7 36. Qf4 Qe5 37. Qg5 Qe7 38. Qc1 Qe2 39. Qf4 Qe5 40. Qg5
1/2-1/2

[Event "Chicago Open"]
[Site "Wheeling, IL"]
[Date "2011.05.28"]
[Round "4"]
[White "Lenderman, Alex"]
[Black "Veech, John"]
[Result "1-0"]
[WhiteElo "2548"]
[BlackElo "2108"]
[PlyCount "53"]
[EventDate "2011.05.??"]
[EventType "swiss"]
[EventRounds "9"]
[EventCountry "USA"]
[Source "MonRoi"]

1. d4 d5 2. c4 c6 3. Nf3 Nf6 4. e3 Bf5 5. Nc3 e6 6. Nh4 Be4 7. f3 Bg6 8. Qb3
Qc7 9. Bd2 Be7 10. Rc1 Nbd7 11. g3 Qb6 12. Nxg6 hxg6 13. Qc2 e5 14. cxd5 cxd5
15. Bb5 exd4 16. Bxd7+ Kxd7 17. Qa4+ Ke6 18. Nb5 Bd6 19. Nxd6 Qxd6 20. exd4 a6
21. Bf4 b5 22. Qa5 Qd8 23. Rc6+ Ke7 24. Qb4+ Ke8 25. O-O Ng8 26. Re1+ Ne7 27.
Rc7 1-0

[Event "Chicago Open"]
[Site "Wheeling, IL"]
[Date "2011.05.28"]
[Round "4"]
[White "Amanov, Mesgen"]
[Black "Holt, Conrad"]
[Result "1-0"]
[WhiteElo "2509"]
[BlackElo "2417"]
[PlyCount "119"]
[EventDate "2011.05.??"]
[EventType "swiss"]
[EventRounds "9"]
[EventCountry "USA"]
[Source "MonRoi"]

1. d4 d5 2. c4 c6 3. e3 Bf5 4. Nc3 e6 5. Nf3 Nd7 6. Bd3 Bxd3 7. Qxd3 f5 8. cxd5
cxd5 9. Bd2 Bb4 10. Rc1 a6 11. O-O Bd6 12. Na4 Ngf6 13. Nc5 Nxc5 14. dxc5 Bc7
15. c6 b6 16. Bb4 Ne4 17. Nd2 Qf6 18. Nxe4 fxe4 19. Qe2 Kf7 20. f3 Kg6 21. fxe4
Qh4 22. g3 Qxe4 23. Qf2 Qf5 24. Qg2 Qe4 25. Qxe4+ dxe4 26. Rc4 a5 27. Bc3 Rhf8
28. Rxe4 Rxf1+ 29. Kxf1 e5 30. a4 Kf5 31. Rh4 h6 32. Ke2 Rd8 33. Rc4 Ke6 34. e4
h5 35. Bd2 g6 36. Be3 Rf8 37. Rc3 Rd8 38. b3 Rd6 39. Rc4 Kf7 40. Bc1 Ke6 41.
Bb2 Rd8 42. Ba3 Rc8 43. Bc1 Rd8 44. Bg5 Rd6 45. h3 Kf7 46. Bc1 Ke6 47. Ba3 Rd8
48. Rc3 Rd4 49. Ke3 Rd1 50. Rd3 Re1+ 51. Kf3 Ra1 52. Bb2 Rb1 53. Rd2 Bd6 54. h4
Rf1+ 55. Ke2 Rg1 56. Kd3 Rxg3+ 57. Kc4 Re3 58. Ba3 b5+ 59. axb5 Rxe4+ 60. Kc3
1-0

[Event "Chicago Open"]
[Site "Wheeling, IL"]
[Date "2011.05.28"]
[Round "4"]
[White "Bodek, Michael"]
[Black "Gareyev, Timur"]
[Result "0-1"]
[WhiteElo "2180"]
[BlackElo "2610"]
[PlyCount "118"]
[EventDate "2011.05.??"]
[EventType "swiss"]
[EventRounds "9"]
[EventCountry "USA"]
[Source "MonRoi"]

1. e4 e5 2. Nf3 Nc6 3. Bc4 Bc5 4. c3 Qe7 5. O-O Nf6 6. d4 Bb6 7. Re1 d6 8. h3
h6 9. a4 a6 10. b4 Nh7 11. Ba3 Ng5 12. b5 Nxf3+ 13. Qxf3 Na5 14. Nd2 O-O 15.
Bb4 Bd7 16. Qg3 axb5 17. axb5 exd4 18. e5 Nxc4 19. Nxc4 Rxa1 20. Rxa1 Bc5 21.
exd6 cxd6 22. Nxd6 Bxb4 23. cxb4 b6 24. Rd1 Qf6 25. Ne4 Qe6 26. Rxd4 Bxb5 27.
Qd6 Re8 28. Qxe6 Rxe6 29. Rd8+ Be8 30. Nd6 Kf8 31. Nxe8 Re1+ 32. Kh2 Rxe8 33.
Rd6 Re6 34. Rd5 Ke7 35. Kg3 Rd6 36. Re5+ Kd7 37. Kf3 Rd1 38. Ke4 Kd6 39. Rf5 f6
40. Rf3 Rd5 41. Rg3 f5+ 42. Ke3 Re5+ 43. Kd3 g5 44. Kc4 b5+ 45. Kc3 Re2 46. Rf3
Ke5 47. Kd3 Rb2 48. Kc3 Re2 49. Kd3 Ra2 50. Re3+ Kd5 51. Re8 Rxf2 52. Rb8 Kc6
53. Rh8 Rxg2 54. Rxh6+ Kd5 55. Rf6 Rg3+ 56. Ke2 Ke4 57. Rb6 Rxh3 58. Rxb5 Rh2+
59. Kf1 Rb2 0-1

[Event "Chicago Open"]
[Site "Wheeling, IL"]
[Date "2011.05.28"]
[Round "4"]
[White "Ding, Jialin"]
[Black "Kacheishvili, Giorgi"]
[Result "0-1"]
[WhiteElo "2171"]
[BlackElo "2599"]
[PlyCount "68"]
[EventDate "2011.05.??"]
[EventType "swiss"]
[EventRounds "9"]
[EventCountry "USA"]
[Source "MonRoi"]

1. e4 c5 2. Nf3 d6 3. d4 cxd4 4. Nxd4 Nf6 5. Nc3 Nc6 6. g3 g6 7. Nde2 Bg7 8.
Bg2 O-O 9. O-O Rb8 10. h3 b5 11. Be3 b4 12. Nd5 Nd7 13. Nd4 Bxd4 14. Bxd4 e6
15. Nxb4 Rxb4 16. Bc3 Rb6 17. Qxd6 e5 18. Qd2 Nc5 19. Qxd8 Rxd8 20. b3 Be6 21.
Rfd1 Rbb8 22. f4 f6 23. Kf2 Bxh3 24. Bf3 Bg4 25. Rd5 Rxd5 26. exd5 Bxf3 27.
Kxf3 Nd4+ 28. Bxd4 exd4 29. Rd1 d3 30. c4 Kf7 31. Ke3 Ke7 32. Rh1 Kd6 33. Kd4
a5 34. Kc3 Ne4+ 0-1

[Event "Chicago Open"]
[Site "Wheeling, IL"]
[Date "2011.05.28"]
[Round "4"]
[White "Dahl, Matthew"]
[Black "Ramirez, Alejandro"]
[Result "0-1"]
[WhiteElo "2133"]
[BlackElo "2579"]
[PlyCount "86"]
[EventDate "2011.05.??"]
[EventType "swiss"]
[EventRounds "9"]
[EventCountry "USA"]
[Source "MonRoi"]

1. e4 Nf6 2. e5 Nd5 3. d4 d6 4. Nf3 dxe5 5. Nxe5 c6 6. Qf3 Be6 7. c3 Nd7 8. Bd3
Nxe5 9. dxe5 Qd7 10. O-O Rd8 11. Bc2 Bg4 12. Qe4 g6 13. Qd4 Nb6 14. Qxd7+ Nxd7
15. Re1 Bg7 16. Bf4 Bf5 17. Na3 Bxc2 18. Nxc2 Nc5 19. Be3 Nd3 20. Reb1 b6 21.
f4 g5 22. fxg5 Nxe5 23. Nd4 Ng4 24. Nf5 Be5 25. Re1 Bxh2+ 26. Kh1 Be5 27. Bd4
Bxd4 28. Nxd4 c5 29. Nc6 Rd7 30. Kg1 Rg8 31. Rad1 e6 32. Rxd7 Kxd7 33. Nxa7
Rxg5 34. Rd1+ Rd5 35. Rxd5+ exd5 36. b4 Ne3 37. a4 d4 38. cxd4 cxb4 39. Nb5 Nd1
40. Kf1 Nb2 41. Ke2 Nxa4 42. Kd3 Nc3 43. Na7 Kc7 0-1

[Event "Chicago Open"]
[Site "Wheeling, IL"]
[Date "2011.05.28"]
[Round "4"]
[White "Mandelkern, Jeremy"]
[Black "Arnold, Marc"]
[Result "1/2-1/2"]
[WhiteElo "2059"]
[BlackElo "2432"]
[PlyCount "70"]
[EventDate "2011.05.??"]
[EventType "swiss"]
[EventRounds "9"]
[EventCountry "USA"]
[Source "MonRoi"]

1. d4 Nf6 2. Nf3 e6 3. c4 d5 4. Nc3 dxc4 5. e3 c5 6. Bxc4 a6 7. a4 Nc6 8. O-O
Be7 9. Qe2 cxd4 10. Rd1 Nb4 11. exd4 Nfd5 12. Ne5 O-O 13. a5 Bd7 14. Bb3 Be8
15. Bd2 Rc8 16. g3 Nf6 17. Be1 b6 18. axb6 Qxb6 19. Nc4 Qb8 20. Na5 Bd8 21. Bc4
Bd7 22. b3 Nfd5 23. Ne4 Bb6 24. Bxa6 Rc2 25. Qf1 Qc7 26. Nc4 Nxa6 27. Nxb6 Nxb6
28. Rxa6 Bc6 29. Qd3 Bxe4 30. Qxe4 Nd5 31. Raa1 Rb8 32. h4 Rc6 33. Rdb1 Qd7 34.
Rb2 Rcc8 35. Rd1 Rb7 1/2-1/2

[Event "Chicago Open"]
[Site "Wheeling, IL"]
[Date "2011.05.28"]
[Round "4"]
[White "Schmakel, Sam"]
[Black "Adu, Oladapo"]
[Result "0-1"]
[WhiteElo "1986"]
[BlackElo "2295"]
[PlyCount "158"]
[EventDate "2011.05.??"]
[EventType "swiss"]
[EventRounds "9"]
[EventCountry "USA"]
[Source "MonRoi"]

1. e4 c5 2. Nf3 e6 3. d4 cxd4 4. Nxd4 Nf6 5. Nc3 Bb4 6. Bd3 d5 7. exd5 Nxd5 8.
Bd2 Nxc3 9. bxc3 Be7 10. Bf4 a6 11. Rb1 O-O 12. Bxb8 Rxb8 13. Nc6 Qc7 14. Nxb8
Qxb8 15. O-O Qc7 16. Qg4 Qxc3 17. Qc4 Qa3 18. Rb3 Qa5 19. Qc3 Qh5 20. Be4 b5
21. Qc7 Qg5 22. Bb7 Bd6 23. Qxd6 Bxb7 24. Rg3 Qf5 25. Qd4 g6 26. c4 bxc4 27.
Qxc4 Rc8 28. Qa4 a5 29. Qd7 Qe4 30. h4 h5 31. Qb5 Bd5 32. Qxa5 Qxh4 33. Qd2 Kh7
34. a3 Rc4 35. Qg5 Qd4 36. Kh2 Be4 37. Qe3 Qd6 38. Kg1 Bf5 39. Rc1 Rd4 40. Qc3
h4 41. Re3 g5 42. Qa5 Kg6 43. Qe5 Qd8 44. Ra1 f6 45. Qc5 e5 46. Qc6 Rd6 47. Qb5
Bd3 48. Qb4 Rd4 49. Qb3 e4 50. a4 Rd6 51. a5 f5 52. Qb7 g4 53. Qb4 Qc7 54. f3
gxf3 55. gxf3 Kh5 56. Kh1 Rg6 57. Qb2 Rg3 58. Qh8+ Kg5 59. f4+ Qxf4 60. Qg7+
Kh5 61. Qh7+ Kg4 62. Qg6+ Qg5 63. Qxg5+ Kxg5 64. Ree1 e3 65. Rg1 Be4+ 66. Kh2
f4 67. a6 Kg4 68. a7 Ba8 69. Ra5 e2 70. Re5 Kf3 71. Ra1 Kf2 72. Re8 Bf3 73. Rf8
Rg2+ 74. Kh3 Rg1 75. Rxg1 Kxg1 76. Kxh4 Kf2 77. Re8 Ba8 78. Kg5 f3 79. Rxa8
e1=Q 0-1